D. D. Thomae Carleualii Hispani ... Disputationes iuris variae... : (Record no. 152971)

MARC details
000 -LEADER
campo de control de longitud fija 02057nam a2200397 i 4500
001 - NÚMERO DE CONTROL
campo de control 152971
003 - IDENTIFICADOR DE NÚMERO DE CONTROL
campo de control ES-MaACL
005 - FECHA Y HORA DE LA ÚLTIMA TRANSACCIÓN
campo de control 20250825063338.0
008 - DATOS DE LONGITUD FIJA--INFORMACIÓN GENERAL
campo de control de longitud fija 931025e1729 sz |r 001 0 lat
040 ## - FUENTE DE CATALOGACIÓN
Centro catalogador/agencia de origen CAM
Lengua de catalogación spa
Centro/agencia transcriptor ES-MaACL
080 ## - NÚMERO DE LA CLASIFICACIÓN DECIMAL UNIVERSAL
Número de la Clasificación Decimal Universal 34"16"
100 1# - ENTRADA PRINCIPAL--NOMBRE DE PERSONA
Nombre de persona Carleval, Tomás,
Fechas asociadas al nombre 1576-1645
Término indicativo de función/relación Autor
9 (RLIN) 35272
245 10 - MENCIÓN DEL TÍTULO
Título D. D. Thomae Carleualii Hispani ... Disputationes iuris variae... :
Resto del título De judiciis
246 1# - FORMA VARIANTE DEL TITULO
Título propio/Titulo breve Disputationes iuris variae
246 1# - FORMA VARIANTE DEL TITULO
Título propio/Titulo breve D. D. Carleualii De iudiciis de foro competenti, et legitima iudicum potestate, ac de iudiciis in genere, iudicio executiuo, & concurs creditorum
250 ## - MENCION DE EDICION
Mención de edición Editio novissima, prioribus emendatior, cui accedit tractatus de judicis de officio
260 ## - PUBLICACIÓN, DISTRIBUCIÓN, ETC.
Lugar de publicación, distribución, etc. Coloniae Allobrogum :
Nombre del editor, distribuidor, etc. sumptibus Fratrum de Touunes,
Fecha de publicación, distribución, etc. 1729
300 ## - DESCRIPCIÓN FÍSICA
Extensión 2 tomos en 1 volumen ([8], XXVI, 308, [32], [4], 244, [64] páginas) ;
Dimensiones Fol.
500 ## - NOTA GENERAL
Nota general Título en anteportada: D. D. Carleualii De iudiciis de foro competenti, et legitima iudicum potestate, ac de iudiciis in genere, iudicio executiuo, & concursu creditorum
505 8# - NOTA DE CONTENIDO CON FORMATO
Nota de contenido con formato T. 2: Continens titulos ultimos de iudiciis in genere, iudicio executiuo, & concursu creditorum; con portada, paginación y signaturización propia
530 ## - NOTA DISPONIBLE DE FORMULARIO FÍSICO ADICIONAL
Nota de formato físico adicional disponible Disponible en formato digital
596 ## - NOTA DE PIE DE IMPRENTA
Nota Marca tipográfica xilográfica en portadas: Papillon f.
597 ## - NOTA A LA DESCRIPCION FISICA
Nota Sign. : [ ]4, 2§-4§4, 5§¹, A-2D6, 2E8 ; [ ]¹, A-2B6, 2C4.
597 ## - NOTA A LA DESCRIPCION FISICA
Nota Texto a dos columnas
597 ## - NOTA A LA DESCRIPCION FISICA
Nota Anteportada
597 ## - NOTA A LA DESCRIPCION FISICA
Nota Primera portada a dos tintas
599 ## - NOTA A LAS ILUSTRACIONES
Nota Portada con grabado xilográfico: "Papillon S."
650 #4 - PUNTO DE ACCESO ADICIONAL DE MATERIA--TÉRMINO DE MATERIA
Término de materia o nombre geográfico como elemento de entrada Derecho-
Subdivisión de forma Obras anteriores a 1800
9 (RLIN) 242017
700 1# - ENTRADA AGREGADA--NOMBRE PERSONAL
Nombre de persona Papillon, Jean-Michel,
Fechas asociadas al nombre 1698-1776
Término indicativo de función/relación Grabador
9 (RLIN) 155166
752 ## - ENTRADA AGREGADA--NOMBRE JERÁRQUICO DEL LUGAR
País o entidad superior Alemania -
Ciudad Colonia
852 4# - LOCALIZACIÓN
Ubicación ES-MaACL
Ubicación en estantería Depósito
Signatura antigua Olim: G-2213
Número de control de estantería R-1543
Encuadernación Pergamino
856 4# - LOCALIZACIÓN Y ACCESO ELECTRÓNICOS
Identificador Uniforme de Recursos <a href="https://bdh-rd.bne.es/viewer.vm?id=0000159522&page=1">https://bdh-rd.bne.es/viewer.vm?id=0000159522&page=1</a>
Texto de enlace Versión en línea
Nota pública (Biblioteca Digital Hispánica)
942 ## - ELEMENTOS DE ENTRADA SECUNDARIOS (KOHA)
Tipo de ítem Koha Libro impreso antiguo
Suprimir en OPAC No
Holdings
Estatus retirado Estado de pérdida Estado de daño No para préstamo Colección Biblioteca de origen Biblioteca actual Ubicación en estantería Fecha de adquisición Fuente de adquisición Total de préstamos Signatura topográfica completa Código de barras Visto por última vez Precio de reemplazo Tipo de ítem Koha
        Libros del s. XVIII Biblioteca del Ateneo de Madrid Biblioteca del Ateneo de Madrid Depósito 17/01/2008     R-1543 1159802 23/02/2023 23/02/2023 Libro impreso antiguo